Normal view
MARC view
Entry Personal Name
001 - CONTROL NUMBER
- control field: 72239
003 - CONTROL NUMBER IDENTIFIER
- control field: dpl
005 - DATE AND TIME OF LATEST TRANSACTION
- control field: 20241001114809.0
008 - FIXED-LENGTH DATA ELEMENTS
- fixed length control field: 241001|| aca||aabn | a|a d
040 ## - CATALOGING SOURCE
- Original cataloging agency: dpl
- Transcribing agency: dpl
100 ## - HEADING--PERSONAL NAME
- Personal name: गुहे, राजीव
670 ## - SOURCE DATA FOUND
- Source citation: Work cat.: (dpl)205947: गुहे, राजीव, भू-विज्ञान एक परिचय: शैलिकी के सिद्धांत/, 2023
